Sleisenger and Fordtran's gastrointestinal and liver disease : Volume 2 (Record no. 251)

000 -LEADER
fixed length control field 02505nam a22004577a 4500
001 - CONTROL NUMBER
control field 18133421
003 - CONTROL NUMBER IDENTIFIER
control field OSt
005 - DATE AND TIME OF LATEST TRANSACTION
control field 20241031113537.0
008 - FIXED-LENGTH DATA ELEMENTS--GENERAL INFORMATION
fixed length control field 140425s2016 pau b 001 0 eng
010 ## - LIBRARY OF CONGRESS CONTROL NUMBER
LC control number 2014016501
020 ## - INTERNATIONAL STANDARD BOOK NUMBER
International Standard Book Number 9781455746927 (2 volume set, hardcover : alk. paper)
020 ## - INTERNATIONAL STANDARD BOOK NUMBER
International Standard Book Number 9996097102 (v. 1 : alk. paper)
020 ## - INTERNATIONAL STANDARD BOOK NUMBER
International Standard Book Number 9996097161 (v. 2 : alk. paper)
035 ## - SYSTEM CONTROL NUMBER
System control number (DNLM)101631364
040 ## - CATALOGING SOURCE
Original cataloging agency DNLM/DLC
Transcribing agency DLC
Description conventions rda
Modifying agency DLC
042 ## - AUTHENTICATION CODE
Authentication code pcc
050 00 - LIBRARY OF CONGRESS CALL NUMBER
Classification number RC801
Item number .G384 2016
060 10 - NATIONAL LIBRARY OF MEDICINE CALL NUMBER
Classification number WI 140
080 ## - UNIVERSAL DECIMAL CLASSIFICATION NUMBER
Universal Decimal Classification number 616.3
Item number S-67
082 00 - DEWEY DECIMAL CLASSIFICATION NUMBER
Classification number 616.3/3
Edition number 23
130 0# - MAIN ENTRY--UNIFORM TITLE
Uniform title Sleisenger and Fordtran's gastrointestinal and liver disease (Feldman)
245 10 - TITLE STATEMENT
Title Sleisenger and Fordtran's gastrointestinal and liver disease : Volume 2
Remainder of title pathophysiology/diagnosis/management /
Statement of responsibility, etc. Mark Feldman, Williams O. Tschumy Jr., MD, Chair of Internal Medicine, Director, Internal MEdicine Residency Program, Texas Health Presbyterian Hospital Dallas, Clinical Professor of Internal Medicine, University of Texas Southwestern Medical School, Dallas Texas, Lawrence S. Friedman, MD, Professor of Medicine, Harvard Medical School, Professor of Medicine, Tufts University School of Medicine, Boston, MAssachusetts, The Anton R. Fried, MD, Chair, Department of MEdicine, Newton-Wellesley Hospital, Assistant Chief of Medicine, Massachusetts General Hospital, Boston, MAssachusetts, Lawrence J. Brandt, MD, Professor of Medicine and Surgery, Albert Einstein College of Medicine, Emeritus Cheif, Division of Gastroenterology, Montefiore Medical Center, Bronx, New York.
246 1# - VARYING FORM OF TITLE
Title proper/short title Gastrointestinal and liver disease
250 ## - EDITION STATEMENT
Edition statement Tenth edition.
260 ## - PUBLICATION, DISTRIBUTION, ETC.
Place of publication, distribution, etc. Philadelphia, PA :
Name of publisher, distributor, etc. Saunders/Elsevier,
Date of publication, distribution, etc. 2016.
300 ## - PHYSICAL DESCRIPTION
Extent 2369 p. index 189 p.
Dimensions 29 cm
336 ## - CONTENT TYPE
Content type term text
Source rdacontent
337 ## - MEDIA TYPE
Media type term unmediated
Source rdamedia
338 ## - CARRIER TYPE
Carrier type term volume
Source rdacarrier
504 ## - BIBLIOGRAPHY, ETC. NOTE
Bibliography, etc. note Includes bibliographical references and index.
650 12 - SUBJECT ADDED ENTRY--TOPICAL TERM
Topical term or geographic name entry element Gastrointestinal Diseases.
650 22 - SUBJECT ADDED ENTRY--TOPICAL TERM
Topical term or geographic name entry element Liver Diseases.
653 ## - INDEX TERM--UNCONTROLLED
Uncontrolled term გასტროენტეროლოგია
653 ## - INDEX TERM--UNCONTROLLED
Uncontrolled term ღვიძლის დაავადებები
700 1# - ADDED ENTRY--PERSONAL NAME
Personal name Feldman, Mark,
Dates associated with a name 1947-
Relator term editor.
700 1# - ADDED ENTRY--PERSONAL NAME
Personal name Friedman, Lawrence S.
Fuller form of name (Lawrence Samuel),
Dates associated with a name 1953-
Relator term editor.
700 1# - ADDED ENTRY--PERSONAL NAME
Personal name Brandt, Lawrence J.,
Relator term editor.
906 ## - LOCAL DATA ELEMENT F, LDF (RLIN)
a 7
b cbc
c orignew
d 1
e ecip
f 20
g y-gencatlg
942 ## - ADDED ENTRY ELEMENTS (KOHA)
Source of classification or shelving scheme
Koha item type Books
Edition 10
Holdings
Withdrawn status Lost status Source of classification or shelving scheme Damaged status Not for loan Permanent location Current location Date acquired Inventory number Total Checkouts Full call number Barcode Date last seen Price effective from Koha item type
          Ken Walker International University Ken Walker International University 11/17/2020 928   616.3 S-67 928 11/17/2020 11/17/2020 Books

Powered by Koha